Guess the Fruit or Vegetable - Statistics

General Stats
  • This quiz has been taken 123 times
  • The average score is 11 of 16
Answer Stats
Picture Answer % Correct
Blueberry
95%
Tomato
93%
Banana
92%
Mango
92%
Apple
91%
Pear
89%
Cucumber
88%
Raspberry
82%
Dragon fruit
80%
Papaya
71%
Date
66%
Passion fruit
53%
Squash
38%
Parsnip
32%
Courgette
31%
Carambola
10%
No matching quizzes found
Score Distribution
Percent of People with Each Score
Percentile by Number Answered
Your Score History
You have not taken this quiz